| 000 | 00993nam a2200265 i 4500 | ||
|---|---|---|---|
| 001 | 182639 | ||
| 003 | ES-MaACL | ||
| 005 | 20251010170555.0 | ||
| 008 | 131008s2012 sp a | |||||||| | spa d | ||
| 020 | _a978-84-15341-29-1 | ||
| 080 | _a334.726(460) | ||
| 080 | _a658.012.65(460) | ||
| 080 | _a658.011.8(460) | ||
| 245 | 0 | 3 |
_aLa colaboración de empresas extranjeras innovadoras en España / _c[Isabel Álvarez, (coord.) ... et al.]. |
| 260 |
_aMadrid : _bCompañía Española de Reprografía y Servicios, _cD.L. 2012. |
||
| 300 |
_a134 p. : _bgráf. col., mapas ; _c24 cm. |
||
| 504 | _aBibliografía: p. 117-127. | ||
| 650 | 0 | 4 |
_aMultinacionales- _zEspaña. _915355 |
| 650 | 7 |
_aCooperación empresarial- _zEspaña _2embne _9149996 |
|
| 650 | 4 |
_aInnovaciones tecnológicas- _zEspaña. _9153571 |
|
| 700 | 1 |
_aÁlvarez, Isabel, _d1969- _9153572 |
|
| 852 |
_aES-MaACL _jA-12792 _9189556 _bR.148907 _cDEPO1 _dOlim: N-5792 |
||
| 942 |
_2udc _cMONOGRAFIA |
||
| 999 |
_c182639 _d182639 |
||